1544 1288 1038 1860 1125 1242 1958 1756 1299 1169 1715 1498 1542 1650 1980 1941 1566 1671 1812 1929 1849 1371 1126 1690 1267 1659 1535 1567 1752 1092 1862 1256 1262 1032 1457 1011 1132 1110 1508 1684 1660 1759 1500 1272 1542 1985 1397 1831 1166 1734 1824 1929 1126 1213 1840 1411 1239 1695 1495 1993 1331 1440 1216 1388 1133 1006 1866 1913 1974 1627 1022 1313 1207 1002 1975 1739 1971 1033 1449 1570 1543 1538 1511 1401 1576 1298 1066 1861 1619 1977 1858 1899 1894 1014 1353 1925 1160 1305 1913 BCNSPRNW ULIB Ver.6.0+V

เปลี่ยนเป็นภาษาไทย

Change to English
 แสดงรายละเอียดบรรณานุกรม
  กลับหน้าหลัก

Brief Record : Get Marc (ISO 2709) : E-mail record : QR code < ปิดหน้าต่าง
สารบัญ Review โดย
ทศพร เกษรทอง
ห้องสมุดวิทยาเขตนครสวรรค์
ทศพร เกษรทอง เมื่อ2/มีนาคม/2558
บทที่ 1 ระบบสาธารณสุข
          * แนวคิดทั่วไปเกี่ยวกับสาธารณสุขและสุขภาพ
          * ความหมายและความสำคัญของระบบสาธารณสุข
          * องค์ประกอบของระบบสาธารณสุข
          * ทรัพยากรด้านสาธารณสุข
          * การบริหารจัดการด้านสาธารณสุข
          * ผลลัพธ์ของระบบสาธารณสุข
บทที่ 2 ความสัมพันธ์ระหว่างระบบสาธารณสุขกับสังคม
          เศรษฐกิจ และการเมือง
          * แนวคิดของระบบสาธารณสุขกับสังคม เศรษฐกิจและการเมือง
          * ความสัมพันธ์ระหว่างระบบสาธารณสุขกับสังคม
          * ความสัมพันธ์ระหว่างระบบสาธารณสุขกับเศรษฐกิจ
          * ความสัมพันธ์ระหว่างระบบสาธารณสุขกับการเมือง
บทที่ 3 ความสัมพันธ์ระหว่างระบบสาธารณสุขกับการบริหาร
          การปกครอง วัฒนธรรม และเทคโนโลยี
          * แนวคิดของระบบสาธารณสุขกับการบริหาร การปกครอง
            วัฒนธรรม และเทคโนโลยี
          * ความสัมพันธ์ระหว่างระบบสาธารณสุขกับการบริหาร
          * ความสัมพันธ์ระหว่างระบบสาธารณสุขกับการปกครอง
          * ความสัมพันธ์ระหว่างระบบสาธารณสุขกับวัฒนธรรม
          * ความสัมพันธ์ระหว่างระบบสาธารณสุขกับเทคโนโลยี
บทที่ 4 แนวคิดและหลักการวางแผนงานสาธารณสุข
          * ความหมาย ความสำคัญ และประโยชน์ของการวางแผนงาน
            สาธารณสุข
          * ความเปลี่ยนแปลงของระบบสาธารณสุขต่อปัญหาสุขภาพ
          * ปัจจัยสำคัญในการวางแผนงานสาธารณสุข
บทที่ 5 กระบวนการและขั้นตอนการวางแผนสาธารณสุข
บทที่ 6 การวางแผนกลยุทธ์

LEADER : 00000nam 2200000uu 4500
001    13399124307
003     ULIB
008    150302s2557||||th 000 0 tha d
020    ^a9786161122041
060 00 ^aWA540^bพ868ร
100 0  ^aพูลศักดิ์ พุ่มวิเศษ
245 10 ^aระบบสาธารณสุขและการวางแผนงานสาธารณสุข =^bPublic Health System and Health Planning /^cพูลศักดิ์ พุ่มวิเศษ
250    ^aพิมพ์ครั้งที่ 1
260    ^aนนทบุรี :^bโครงการสวัสดิการวิชาการ สถาบันพระบรมราชชนก,^c2557
300    ^a200 หน้า :^bภาพประกอบ ; ตาราง;^c26 ซม.
504    ^aบรรณานุกรม
650  7 ^aระบบสาธารณสุข
650  7 ^aสาธารณสุข
650  7 ^aการบริหารงานสาธารณสุข
650  7 ^aการวางแผนสาธารณสุข
945    ^p250^l0^i22931
945    ^p250^l0^i22932
945    ^p250^l0^i22933
999    ^aทศพร
รายการนี้ยังไม่มีแท็ก
คุณยังไม่ได้ล็อกอิน คุณสามารถมีกิจกรรมร่วมกับเว็บไซต์ได้ แต่ต้องล็อกอินก่อน ::
  ล็อกอิน

รายการสื่อสารสนเทศ

ลำดับที่ ประเภท เลขเรียก/บาร์โค้ด สถานที่ สถานะ
1. วิทยาศาสตร์การแพทย์ และสุขภาพ
วิทยาศาสตร์การแพทย์ และสุขภาพ
สถานะ=หนังสือเก่า
WA540 พ868ร ฉ.1 
  Barcode: 22931
ห้องสมุดวิทยาเขตนครสวรรค์
►ส่วนจัดเก็บหนังสือเก่า นว.
บนชั้น
  ขอยืม
2. วิทยาศาสตร์การแพทย์ และสุขภาพ
วิทยาศาสตร์การแพทย์ และสุขภาพ
สถานะ=หนังสือเก่า
WA540 พ868ร ฉ.2 
  Barcode: 22932
ห้องสมุดวิทยาเขตนครสวรรค์
►ส่วนจัดเก็บหนังสือเก่า นว.
บนชั้น
  ขอยืม
3. วิทยาศาสตร์การแพทย์ และสุขภาพ
วิทยาศาสตร์การแพทย์ และสุขภาพ
สถานะ=หนังสือเก่า
WA540 พ868ร ฉ.3 
  Barcode: 22933
ห้องสมุดวิทยาเขตนครสวรรค์
►ส่วนจัดเก็บหนังสือเก่า นว.
บนชั้น
  ขอยืม

รายการใกล้เคียง
    ผู้แต่ง [พูลศักดิ์ พุ่มวิเศษ]

    หัวเรื่อง [ระบบสาธารณสุข]
    หัวเรื่อง [สาธารณสุข]
    หัวเรื่อง [การบริหารงานสาธารณสุข]
    หัวเรื่อง [การวางแผนสาธารณสุข]

BibComment


ยังไม่เคยถูกคอมเมนท์

คอมเมนท์ทรัพยากรรายการนี้
  คอมเมนท์: ระบบสาธารณสุขและ..


 Copyright 2026. Bcnsprnw @Library